[Event "SVM_Verbandsliga_Süd_2023-24"]
[Site "?"]
[Date "2024.01.14"]
[Round "5.1"]
[White "Holzwarth, Felix"]
[Black "Nenner, Thomas"]
[Result "1-0"]
[WhiteElo "1876"]
[BlackElo "1975"]
[PlyCount "107"]
[EventDate "2024.01.14"]
[WhiteTeam "SG Porz 5"]
[BlackTeam "VdSF Stadtverw. Bonn 2"]

1. d4 Nf6 2. Nc3 d5 3. Bf4 c6 4. Nf3 Bf5 5. e3 e6 6. Bd3 Bg6 7. Ne5 Nbd7 8. h4
Nxe5 9. dxe5 Nd7 10. h5 Bxd3 11. cxd3 h6 12. a3 Qb6 13. Rb1 d4 14. Na4 Qa5+ 15.
b4 Qd5 16. e4 Qb5 17. Nb2 Nxe5 18. O-O Nd7 19. a4 Qb6 20. Nc4 Qd8 21. Na5 e5
22. Bd2 Rb8 23. f4 Bd6 24. Qg4 O-O 25. Nc4 Nf6 26. Qf5 Nh7 27. Rf3 exf4 28.
Nxd6 Qxd6 29. Bxf4 Qe7 30. Bxb8 Rxb8 31. Rff1 Ng5 32. Rfc1 Qd6 33. b5 Re8 34.
bxc6 bxc6 35. Rc4 c5 36. Rxc5 Qg3 37. Rbc1 Qe3+ 38. Kh1 Ne6 39. Rc8 Rf8 40.
Rxf8+ Nxf8 41. Rf1 f6 42. Rf3 Qc1+ 43. Kh2 Qc7+ 44. Qf4 Qf7 45. Qf5 Qc7+ 46.
Kh3 Nh7 47. Qd5+ Kf8 48. Qa8+ Kf7 49. Qd5+ Kf8 50. Rf5 Ng5+ 51. Kg4 Qh2 52. e5
Qg1 53. exf6 Qd1+ 54. Rf3 1-0

[Event "SVM_Verbandsliga_Süd_2023-24"]
[Site "?"]
[Date "2024.01.14"]
[Round "5.2"]
[White "Falkenberg, Hendrik"]
[Black "Blomer, Moritz"]
[Result "1/2-1/2"]
[WhiteElo "1947"]
[BlackElo "1795"]
[PlyCount "62"]
[EventDate "2024.01.14"]
[WhiteTeam "VdSF Stadtverw. Bonn 2"]
[BlackTeam "SG Porz 5"]

1. d4 Nf6 2. c4 g6 3. Nc3 d5 4. cxd5 Nxd5 5. e4 Nxc3 6. bxc3 Bg7 7. Bc4 c5 8.
Ne2 Nc6 9. Be3 O-O 10. O-O Na5 11. Bd3 b6 12. Qd2 e5 13. dxc5 Be6 14. Rfd1 Qc7
15. cxb6 axb6 16. Qb2 Nc4 17. Bxc4 Bxc4 18. Nc1 Rfd8 19. Rxd8+ Qxd8 20. h3 b5
21. Nb3 Bf8 22. Nd2 Ba3 23. Qc2 Qd3 24. Qxd3 Bxd3 25. Nf3 Bxe4 26. Bc1 f6 27.
Bxa3 Rxa3 28. Rc1 Bd3 29. Ne1 Bc4 30. g3 Kf7 31. Ng2 Rxa2 1/2-1/2

[Event "SVM_Verbandsliga_Süd_2023-24"]
[Site "?"]
[Date "2024.01.14"]
[Round "5.3"]
[White "Burlutskaia, Maria"]
[Black "Höfer, Severin Paul"]
[Result "1-0"]
[WhiteElo "1791"]
[BlackElo "1920"]
[PlyCount "69"]
[EventDate "2024.01.14"]
[WhiteTeam "SG Porz 5"]
[BlackTeam "VdSF Stadtverw. Bonn 2"]

1. e4 c5 2. Nc3 e6 3. f4 Be7 4. Nf3 d5 5. Bb5+ Kf8 6. d3 a6 7. Ba4 b5 8. Bb3 c4
9. exd5 exd5 10. Nxd5 cxb3 11. Ne3 bxc2 12. Qxc2 Nf6 13. O-O Ra7 14. b3 Rc7 15.
Qe2 Ng4 16. Bb2 Bc5 17. d4 Qe7 18. Ne5 Nxe3 19. Qxe3 Bb6 20. Rae1 f6 21. Ng6+
hxg6 22. Ba3 Nc6 23. Bxe7+ Rxe7 24. Qc1 Bd7 25. Qa3 a5 26. Qd6 Nxd4 27. Qxb6
Ne6 28. Qb8+ Re8 29. Qd6+ Re7 30. Qb8+ Re8 31. Qb7 Ke7 32. Rxe6+ Kxe6 33. Re1+
Kd6 34. Rd1+ Kc5 35. Qxd7 1-0

[Event "SVM_Verbandsliga_Süd_2023-24"]
[Site "?"]
[Date "2024.01.14"]
[Round "5.4"]
[White "Mundorf, Andreas"]
[Black "Sewald, Richard"]
[Result "1-0"]
[WhiteElo "1939"]
[BlackElo "1819"]
[PlyCount "99"]
[EventDate "2024.01.14"]
[WhiteTeam "VdSF Stadtverw. Bonn 2"]
[BlackTeam "SG Porz 5"]

1. Nf3 Nf6 2. g3 g6 3. Bg2 Bg7 4. O-O d6 5. d4 c6 6. c4 Qc7 7. d5 O-O 8. Nc3 e5
9. dxe6 fxe6 10. c5 dxc5 11. Bf4 Qb6 12. Na4 Qa5 13. Qc2 Na6 14. a3 Nd5 15. Bd2
Qc7 16. e4 Nb6 17. Nxc5 Nxc5 18. Qxc5 Na4 19. Qc2 Nb6 20. Rac1 Re8 21. b4 e5
22. a4 Be6 23. Ng5 Qe7 24. Nxe6 Qxe6 25. a5 Nd7 26. Rfd1 Rac8 27. h4 Nf6 28.
Be3 Bf8 29. Bf1 Kh8 30. Bc5 Bxc5 31. bxc5 Qg4 32. Bg2 Rcd8 33. Kh2 Rd4 34. f3
Qd7 35. Bh3 Qc7 36. Rxd4 exd4 37. Qd3 Qe5 38. Rc4 Rd8 39. Bg2 Nh5 40. f4 Qf6
41. e5 Nxf4 42. Qe4 Qf7 43. Qxf4 Qxf4 44. gxf4 d3 45. Bf3 Kg7 46. Kg2 Kf7 47.
Kf2 d2 48. Bd1 Rd3 49. Rb4 Rd7 50. Ke3 1-0

[Event "SVM_Verbandsliga_Süd_2023-24"]
[Site "?"]
[Date "2024.01.14"]
[Round "5.5"]
[White "Fischermann, Simon"]
[Black "Daniels, Klaus"]
[Result "0-1"]
[WhiteElo "1834"]
[BlackElo "1905"]
[PlyCount "56"]
[EventDate "2024.01.14"]
[WhiteTeam "SG Porz 5"]
[BlackTeam "VdSF Stadtverw. Bonn 2"]

1. e4 e5 2. Nf3 Nc6 3. Bc4 Bc5 4. O-O d6 5. h3 a6 6. c3 Qe7 7. d4 Ba7 8. d5 Nd8
9. b4 h5 10. Qd3 Nh6 11. a4 f6 12. Nh4 Qf7 13. Be3 g5 14. Bxa7 Rxa7 15. Nf5
Nxf5 16. exf5 Qh7 17. Qe3 Ra8 18. Nd2 Qxf5 19. Ne4 O-O 20. Bd3 Qf4 21. Qe2 g4
22. hxg4 Qxg4 23. f3 Qg7 24. c4 f5 25. Nd2 Nf7 26. c5 h4 27. Nc4 h3 28. Rf2 e4
0-1

[Event "SVM_Verbandsliga_Süd_2023-24"]
[Site "?"]
[Date "2024.01.14"]
[Round "5.6"]
[White "Weber, Meikel"]
[Black "Swoboda, Sascha"]
[Result "0-1"]
[WhiteElo "1871"]
[BlackElo "1669"]
[PlyCount "112"]
[EventDate "2024.01.14"]
[WhiteTeam "VdSF Stadtverw. Bonn 2"]
[BlackTeam "SG Porz 5"]

1. e4 c6 2. d4 d5 3. Nc3 dxe4 4. Nxe4 Bf5 5. Ng3 Bg6 6. Nh3 e6 7. Nf4 Bd6 8. c3
Nf6 9. h4 Qc7 10. Qf3 Nd5 11. Nxd5 exd5 12. h5 Qe7+ 13. Be2 Be4 14. Nxe4 Qxe4
15. h6 Qxf3 16. Bxf3 g6 17. O-O O-O 18. Re1 Nd7 19. Bg5 f6 20. Re6 Bc7 21. Bd2
Rae8 22. Rae1 Kf7 23. Rxe8 Rxe8 24. Rxe8 Kxe8 25. Bg4 f5 26. Bh3 Nf6 27. f3 f4
28. g3 fxg3 29. Kg2 Nh5 30. Bg4 Nf4+ 31. Kxg3 Nd3+ 32. Kh4 Nxb2 33. Bc8 b5 34.
Kg5 Bd8+ 35. Kg4 Nc4 36. Bf4 Nb6 37. Be6 Nd7 38. Kg3 Nf6 39. Bc1 Ke7 40. Bh3
Bc7+ 41. Kf2 Nh5 42. Bg5+ Ke8 43. Bf1 Bf4 44. Bxf4 Nxf4 45. Kg3 Ne6 46. Bd3 Kf7
47. Kg4 Kf6 48. f4 Nd8 49. f5 g5 50. Bc2 Nf7 51. Kh5 Nd6 52. Kg4 Ne4 53. c4
bxc4 54. a4 a5 55. Bb1 Nc3 56. Bc2 Ne2 0-1

[Event "SVM_Verbandsliga_Süd_2023-24"]
[Site "?"]
[Date "2024.01.14"]
[Round "5.7"]
[White "Fieberg, Christoph"]
[Black "Moos, Gerd Anton Ferdinand"]
[Result "1-0"]
[WhiteElo "1736"]
[BlackElo "1854"]
[PlyCount "79"]
[EventDate "2024.01.14"]
[WhiteTeam "SG Porz 5"]
[BlackTeam "VdSF Stadtverw. Bonn 2"]

1. e4 e6 2. Nf3 d5 3. Nc3 Nf6 4. e5 Nfd7 5. d4 c5 6. Bg5 Qb6 7. dxc5 Nxc5 8.
Qd2 Bd7 9. Rb1 Nc6 10. Be2 Ne4 11. Nxe4 dxe4 12. Be3 Qc7 13. Ng5 Nxe5 14. O-O
f5 15. Rbd1 Be7 16. f3 h6 17. Nh3 exf3 18. Bxf3 Nxf3+ 19. Rxf3 Rd8 20. Nf4 Kf7
21. Qe2 g5 22. Rg3 g4 23. h3 Bh4 24. Rxg4 fxg4 25. Qxg4 Bg5 26. Qh5+ Kg8 27.
Qg6+ Kf8 28. Rf1 Ke7 29. Nd5+ Kd6 30. Nxc7 Bxe3+ 31. Kh1 Kxc7 32. Qg3+ Kc8 33.
Qxe3 Kb8 34. Qe5+ Ka8 35. Rd1 Bc6 36. Rxd8+ Rxd8 37. Qxe6 h5 38. Qe1 Rg8 39.
Qf2 a6 40. Kg1 1-0

[Event "SVM_Verbandsliga_Süd_2023-24"]
[Site "?"]
[Date "2024.01.14"]
[Round "5.8"]
[White "Antonioli, Vladimir"]
[Black "Sewald, Jörg"]
[Result "1/2-1/2"]
[WhiteElo "1773"]
[BlackElo "1639"]
[PlyCount "119"]
[EventDate "2024.01.14"]
[WhiteTeam "VdSF Stadtverw. Bonn 2"]
[BlackTeam "SG Porz 5"]

1. e4 g6 2. d4 Bg7 3. Nc3 b6 4. Be3 Bb7 5. f3 e6 6. Qd2 h6 7. O-O-O a6 8. d5 e5
9. h4 d6 10. g4 Nd7 11. Nge2 Bf6 12. h5 g5 13. Ng3 Ne7 14. Nf5 Nxf5 15. exf5 b5
16. Ne4 Bg7 17. Kb1 Nf6 18. Nxg5 Nxd5 19. Ne4 Nf6 20. Nxf6+ Qxf6 21. Bg2 e4 22.
c3 Qe7 23. fxe4 Bxe4+ 24. Bxe4 Qxe4+ 25. Qd3 Qxd3+ 26. Rxd3 Kd7 27. Kc2 Rae8
28. Rf1 Bf6 29. Kd2 Rhg8 30. Rg1 Re4 31. Bd4 Bg5+ 32. Kc2 Re2+ 33. Kb3 Kc8 34.
Rf3 c5 35. Bf2 c4+ 36. Ka3 d5 37. f6 Rxf2 38. Rxf2 Be3 39. Rfg2 Bc5+ 40. b4
Bxg1 41. Rxg1 Kd7 42. Kb2 Ke6 43. Kc2 Kxf6 44. Kd2 Re8 45. Rf1+ Kg7 46. Rf5 Re4
47. g5 d4 48. gxh6+ Kxh6 49. cxd4 Rxd4+ 50. Kc2 Rd6 51. Rxf7 Kxh5 52. Rg7 Rg6
53. Rc7 Rg2+ 54. Kb1 Rg6 55. a4 Rb6 56. axb5 axb5 57. Rc5+ Kg4 58. Kc2 Kf4 59.
Kc3 Ke4 60. Rh5 1/2-1/2

[Event "SVM_Verbandsliga_Süd_2023-24"]
[Site "?"]
[Date "2024.01.14"]
[Round "5.1"]
[White "Voß, Bela"]
[Black "Seidel, Martin"]
[Result "1/2-1/2"]
[WhiteElo "1579"]
[BlackElo "1823"]
[PlyCount "106"]
[EventDate "2024.01.14"]
[WhiteTeam "TuS Strempt 1"]
[BlackTeam "SV Hennef 1"]

1. e4 e6 2. d4 d5 3. Nd2 c5 4. exd5 Qxd5 5. dxc5 Bxc5 6. Ngf3 Nf6 7. Bd3 O-O 8.
O-O Nc6 9. a3 b6 10. b4 Be7 11. Bb2 Bb7 12. Re1 a6 13. Nc4 Qd8 14. Ng5 g6 15.
Qf3 h6 16. Ne4 Nxe4 17. Bxe4 Qc7 18. Qc3 e5 19. Qe3 Bg5 20. Qxb6 Rac8 21. Qxc7
Rxc7 22. Ne3 Nd4 23. Bxb7 Rxb7 24. Rac1 Rc8 25. c4 f5 26. c5 a5 27. Rc4 axb4
28. axb4 Rd7 29. Bxd4 exd4 30. Nf1 d3 31. Rd1 Rd5 32. f4 Be7 33. Nd2 Rb8 34.
Kf2 Rxb4 35. c6 Rd8 36. c7 Rc8 37. Rxb4 Bc5+ 38. Kf3 Bxb4 39. Nb3 Rxc7 40. Rxd3
Rc2 41. Nd4 Ra2 42. Ne2 Bc5 43. Rc3 Be7 44. h3 Kf7 45. Rc6 h5 46. g3 h4 47. g4
fxg4+ 48. hxg4 Ra3+ 49. Rc3 Ra1 50. Rc1 Ra2 51. g5 Ra3+ 52. Rc3 Ra1 53. Rc1 Ra2
1/2-1/2

[Event "SVM_Verbandsliga_Süd_2023-24"]
[Site "?"]
[Date "2024.01.14"]
[Round "5.2"]
[White "Neese, Hans-Joachim"]
[Black "Hissen, Tobias"]
[Result "1-0"]
[WhiteElo "1986"]
[BlackElo "1864"]
[PlyCount "111"]
[EventDate "2024.01.14"]
[WhiteTeam "SV Hennef 1"]
[BlackTeam "TuS Strempt 1"]

1. d4 Nf6 2. Nf3 e6 3. c4 c5 4. Nc3 cxd4 5. Nxd4 Nc6 6. Bg5 Be7 7. h4 Qb6 8.
Nb3 a5 9. a4 h6 10. Be3 Qd8 11. g3 d5 12. cxd5 Nxd5 13. Nxd5 exd5 14. Bg2 Bb4+
15. Kf1 Be6 16. Nc5 Qe7 17. Rc1 O-O 18. Nxe6 fxe6 19. f4 Rad8 20. Kg1 Kh8 21.
Kh2 e5 22. Rf1 Qe6 23. Bh3 Qd6 24. Qc2 Rfe8 25. Bb6 exf4 26. Rxf4 Ra8 27. Rcf1
Rf8 28. Rf7 Ne5 29. Bc7 Qc6 30. Qxc6 Nxc6 31. Bb6 Rae8 32. Rxf8+ Rxf8 33. Rxf8+
Bxf8 34. Bc8 Bb4 35. Bxb7 Ne7 36. Kg2 Kg8 37. Kf3 Kf7 38. Bc7 Bd2 39. e3 Kf6
40. g4 g6 41. Ke2 Bb4 42. Kd3 Ke6 43. h5 gxh5 44. gxh5 Kf5 45. Bxd5 Kg4 46. Bf7
Nc6 47. Bf4 Bf8 48. Kc4 Nd8 49. Bg6 Ne6 50. Be5 Kf3 51. Kb5 Bb4 52. e4 Nc5 53.
Bg7 Nxe4 54. Bxe4+ Kxe4 55. Bxh6 Kf5 56. Be3 1-0

[Event "SVM_Verbandsliga_Süd_2023-24"]
[Site "?"]
[Date "2024.01.14"]
[Round "5.3"]
[White "Heinen, Marcus"]
[Black "Rasche, Lothar"]
[Result "1-0"]
[WhiteElo "1796"]
[BlackElo "1723"]
[PlyCount "53"]
[EventDate "2024.01.14"]
[WhiteTeam "TuS Strempt 1"]
[BlackTeam "SV Hennef 1"]

1. e4 c5 2. Nc3 Nc6 3. g3 g6 4. Bg2 e5 5. d3 d6 6. f4 Nge7 7. Nf3 Bg7 8. O-O
O-O 9. h3 h6 10. g4 exf4 11. Bxf4 g5 12. Be3 Rb8 13. Rb1 b6 14. Ne2 Ng6 15. Qd2
Bb7 16. Ng3 Nce7 17. Nh5 d5 18. Nxg7 Kxg7 19. Nxg5 hxg5 20. Bxg5 dxe4 21. Bf6+
Kh7 22. Qg5 Qd5 23. Rf5 Nxf5 24. gxf5 Rh8 25. Bxe4 Qd4+ 26. Bxd4 cxd4 27. fxg6+
1-0

[Event "SVM_Verbandsliga_Süd_2023-24"]
[Site "?"]
[Date "2024.01.14"]
[Round "5.4"]
[White "Stoffels, Markus"]
[Black "Jansen, Marcus"]
[Result "1/2-1/2"]
[WhiteElo "1741"]
[BlackElo "1761"]
[PlyCount "55"]
[EventDate "2024.01.14"]
[WhiteTeam "SV Hennef 1"]
[BlackTeam "TuS Strempt 1"]

1. e4 e6 2. d4 d5 3. exd5 exd5 4. c3 Nf6 5. Bd3 Bd6 6. Nf3 O-O 7. O-O Bg4 8.
Bg5 Nbd7 9. Nbd2 c6 10. Qc2 Qc7 11. Rfe1 Rfe8 12. b3 Bf4 13. Bxf4 Qxf4 14. g3
Qd6 15. Bf5 g6 16. Bxg4 Nxg4 17. h3 Ngf6 18. Qd3 h6 19. Rac1 Kg7 20. Kg2 Rad8
21. c4 Rxe1 22. Rxe1 Qa3 23. Qc2 dxc4 24. bxc4 Nf8 25. Re3 Qd6 26. Nb3 Ne6 27.
Qc3 b6 28. a4 1/2-1/2

[Event "SVM_Verbandsliga_Süd_2023-24"]
[Site "?"]
[Date "2024.01.14"]
[Round "5.5"]
[White "Hoss, Andreas"]
[Black "Bursch, Alexander"]
[Result "1-0"]
[WhiteElo "1719"]
[BlackElo "1619"]
[PlyCount "69"]
[EventDate "2024.01.14"]
[WhiteTeam "TuS Strempt 1"]
[BlackTeam "SV Hennef 1"]

1. e4 c5 2. Nf3 g6 3. d4 cxd4 4. Nxd4 Bg7 5. Be3 Nc6 6. c3 Nf6 7. f3 O-O 8. Be2
d5 9. Nxc6 bxc6 10. e5 Nd7 11. f4 f6 12. exf6 Nxf6 13. O-O Qc7 14. Nd2 e5 15.
fxe5 Qxe5 16. Bd4 Qc7 17. b4 a5 18. a3 Ba6 19. Bxa6 Rxa6 20. Qe2 Raa8 21. Qe6+
Qf7 22. Qxc6 axb4 23. cxb4 Rfc8 24. Qb5 Rc2 25. Nb3 Qe6 26. Bxf6 Bxf6 27. Rxf6
Qe3+ 28. Kh1 Qxb3 29. Raf1 Qa2 30. Qb6 d4 31. Qd6 Rcc8 32. Qxd4 Rd8 33. Qf4 Kg7
34. Rf7+ Kg8 35. Qf6 1-0

[Event "SVM_Verbandsliga_Süd_2023-24"]
[Site "?"]
[Date "2024.01.14"]
[Round "5.6"]
[White "Hahnbück, Max"]
[Black "Grant, Hildegard"]
[Result "1-0"]
[WhiteElo "1619"]
[BlackElo "1683"]
[PlyCount "71"]
[EventDate "2024.01.14"]
[WhiteTeam "SV Hennef 1"]
[BlackTeam "TuS Strempt 1"]

1. e4 c5 2. Nf3 Nc6 3. d4 cxd4 4. Nxd4 g6 5. c4 Bg7 6. Be3 d6 7. Qd2 Nf6 8. Nc3
Ng4 9. Nc2 Nxe3 10. Nxe3 O-O 11. Be2 Bd7 12. O-O Rc8 13. Rac1 Nd4 14. Rfd1
Nxe2+ 15. Nxe2 Bc6 16. Nd5 f5 17. exf5 Rxf5 18. Nd4 Bxd4 19. Qxd4 b6 20. h3 Qf8
21. f3 Bb7 22. Re1 e5 23. Qd3 Kh8 24. Qa3 Rg5 25. Kh1 Bxd5 26. cxd5 Rd8 27. Rc7
a5 28. Rc6 e4 29. Qc3+ Kg8 30. fxe4 Qf2 31. Rg1 Re5 32. Rxd6 Rxd5 33. Rxd5 Re8
34. Rd7 Qf8 35. Qc4+ Kh8 36. Rf1 1-0

[Event "SVM_Verbandsliga_Süd_2023-24"]
[Site "?"]
[Date "2024.01.14"]
[Round "5.7"]
[White "Kirch, Andreas"]
[Black "Feig, Frank"]
[Result "1-0"]
[WhiteElo "1472"]
[BlackElo "1719"]
[PlyCount "53"]
[EventDate "2024.01.14"]
[WhiteTeam "TuS Strempt 1"]
[BlackTeam "SV Hennef 1"]

1. e4 d6 2. d4 Nf6 3. Nc3 g6 4. Nf3 Bg7 5. Bg5 O-O 6. e5 Nfd7 7. Nd5 f6 8. exf6
exf6 9. Be3 c6 10. Nf4 Nb6 11. c4 Re8 12. c5 dxc5 13. dxc5 Qxd1+ 14. Rxd1 Na4
15. Bc4+ Kh8 16. Bf7 Rxe3+ 17. fxe3 Nd7 18. b4 a5 19. Be6 axb4 20. Bxd7 Bxd7
21. Rxd7 Nxc5 22. Rd2 f5 23. Ng5 Bc3 24. Rf1 Rxa2 25. Rff2 Ra1+ 26. Ke2 Ra2 27.
Rxa2 1-0

[Event "SVM_Verbandsliga_Süd_2023-24"]
[Site "?"]
[Date "2024.01.14"]
[Round "5.8"]
[White "Würz, Silas"]
[Black "Malcherek, Hubert"]
[Result "1/2-1/2"]
[WhiteElo "1470"]
[BlackElo "1545"]
[PlyCount "79"]
[EventDate "2024.01.14"]
[WhiteTeam "SV Hennef 1"]
[BlackTeam "TuS Strempt 1"]

1. d4 d5 2. c4 Nf6 3. Nc3 dxc4 4. Bg5 e6 5. e3 Be7 6. Bxc4 c6 7. a3 O-O 8. Nf3
b5 9. Bd3 Nbd7 10. O-O Bb7 11. b4 a6 12. Rc1 Rc8 13. Qb3 Nd5 14. Bxe7 Qxe7 15.
Ne4 h6 16. Nc5 Nxc5 17. Rxc5 Rfd8 18. Rfc1 g6 19. Ne5 Rd6 20. a4 Qg5 21. Bf1
bxa4 22. Qxa4 Nxe3 23. fxe3 Qxe3+ 24. Kh1 Qxd4 25. Nxc6 Rcxc6 26. Rxc6 Rxc6 27.
Rxc6 Bxc6 28. Qxc6 Qxb4 29. Qxa6 Kg7 30. Qa1+ Kg8 31. h3 Qf4 32. Bd3 e5 33. Qb1
Kg7 34. Qc2 f5 35. Qc7+ Kf6 36. Qd8+ Kg7 37. Qe7+ Kh8 38. Qf8+ Kh7 39. Qf7+ Kh8
40. Bc4 1/2-1/2

[Event "SVM_Verbandsliga_Süd_2023-24"]
[Site "?"]
[Date "2024.02.04"]
[Round "6.1"]
[White "Voß, Bela"]
[Black "Hemmann, Arnold"]
[Result "1/2-1/2"]
[WhiteElo "1861"]
[BlackElo "2049"]
[PlyCount "44"]
[EventDate "2024.02.04"]
[SourceDate "2024.02.04"]
[WhiteTeam "TuS Strempt 1"]
[BlackTeam "Rheinbacher SF 1"]

1. e4 c5 2. Nf3 Nf6 3. d3 Nc6 4. g3 d6 5. Bg2 Bg4 6. h3 Bd7 7. O-O e6 8. c3 Be7
9. Nbd2 O-O 10. Nh2 d5 11. f4 dxe4 12. dxe4 e5 13. Nhf3 Nh5 14. Nxe5 Nxg3 15.
Rf3 Nxe5 16. fxe5 Nh5 17. Nc4 Be6 18. Rd3 Qc7 19. Qxh5 Bxc4 20. Rg3 Kh8 21. b3
Be6 22. c4 Rad8 {(=)} 1/2-1/2

[Event "SVM_Verbandsliga_Süd_2023-24"]
[Site "?"]
[Date "2024.02.04"]
[Round "6.2"]
[White "Gähler, Cornelius"]
[Black "Hissen, Tobias"]
[Result "1-0"]
[WhiteElo "2067"]
[BlackElo "1864"]
[PlyCount "71"]
[EventDate "2024.02.04"]
[SourceDate "2024.02.04"]
[WhiteTeam "Rheinbacher SF 1"]
[BlackTeam "TuS Strempt 1"]

1. d4 Nf6 2. c4 c5 3. d5 e6 4. Nc3 exd5 5. cxd5 d6 6. e4 g6 7. Bf4 a6 8. a4 Bg7
9. Be2 O-O 10. Nf3 Re8 11. Nd2 Qc7 12. O-O Nbd7 13. h3 Ne5 14. Be3 Rb8 15. a5
Ra8 16. Qc2 Ned7 17. Nc4 b5 18. axb6 Nxb6 19. Na5 Bd7 20. Rfd1 h6 21. f4 Kh7
22. g4 Reb8 23. Kg2 Nc8 24. Bf3 Bb5 25. e5 Nd7 26. e6 Ndb6 27. Nxb5 axb5 28.
Nc6 Nc4 29. Bf2 Rxa1 30. Rxa1 Rb6 31. f5 Ne5 32. exf7 Rxc6 33. dxc6 Nxf3 34.
fxg6+ Kh8 35. Kxf3 Qxc6+ 36. Qe4 1-0

[Event "SVM_Verbandsliga_Süd_2023-24"]
[Site "?"]
[Date "2024.02.04"]
[Round "6.3"]
[White "Heinen, Marcus"]
[Black "Mielke, Christian"]
[Result "0-1"]
[WhiteElo "1796"]
[BlackElo "2083"]
[PlyCount "48"]
[EventDate "2024.02.04"]
[SourceDate "2024.02.04"]
[WhiteTeam "TuS Strempt 1"]
[BlackTeam "Rheinbacher SF 1"]

1. e4 c5 2. Nc3 Nc6 3. g3 g6 4. Bg2 Bg7 5. f4 d6 6. Nf3 e6 7. O-O Nge7 8. d3
O-O 9. Ne2 b5 10. c3 b4 11. d4 bxc3 12. bxc3 Ba6 13. Re1 {(=)} Qa5 14. Bd2 Bc4
15. Nc1 Rab8 16. Kh1 Qa3 17. e5 dxe5 18. Nxe5 Nxe5 19. Rxe5 cxd4 20. cxd4 Rfd8
21. Ra5 Qb2 22. Nb3 Bxb3 23. axb3 Rxd4 24. R1a2 Rxd2 0-1

[Event "SVM_Verbandsliga_Süd_2023-24"]
[Site "?"]
[Date "2024.02.04"]
[Round "6.4"]
[White "Schmitz, Uwe"]
[Black "Jansen, Marcus"]
[Result "1/2-1/2"]
[WhiteElo "1918"]
[BlackElo "1761"]
[PlyCount "43"]
[EventDate "2024.02.04"]
[SourceDate "2024.02.04"]
[WhiteTeam "Rheinbacher SF 1"]
[BlackTeam "TuS Strempt 1"]

1. Nf3 d5 2. g3 Nf6 3. Bg2 e6 4. d3 h6 5. O-O Bd6 6. Nbd2 O-O 7. e4 Nbd7 8. Re1
dxe4 9. dxe4 Bb4 10. c3 Bc5 11. b4 Be7 12. Nc4 b6 13. Nd4 Bb7 14. a3 a6 15. Qc2
c5 16. Nb3 cxb4 17. cxb4 Rc8 18. Qd3 Qc7 19. Nbd2 Ne5 20. Nxe5 Qxe5 21. Ra2
Rfd8 22. Qe2 1/2-1/2

[Event "SVM_Verbandsliga_Süd_2023-24"]
[Site "?"]
[Date "2024.02.04"]
[Round "6.5"]
[White "Hoss, Andreas"]
[Black "Schmerda, Ingo"]
[Result "0-1"]
[WhiteElo "1719"]
[BlackElo "1860"]
[PlyCount "86"]
[EventDate "2024.02.04"]
[SourceDate "2024.02.04"]
[WhiteTeam "TuS Strempt 1"]
[BlackTeam "Rheinbacher SF 1"]

1. e4 c5 2. Nc3 d6 3. d3 g6 4. g3 Bg7 5. Bd2 Nc6 6. Bg2 e6 7. f4 Nge7 8. Nf3
O-O 9. O-O Rb8 10. Rb1 b5 11. Ne2 d5 12. e5 b4 13. Re1 Ba6 14. Be3 Qa5 15. Bf2
Rfc8 16. Nc1 c4 17. d4 Qb6 18. Ne2 Na5 19. c3 Qc7 20. g4 Rb6 21. Ng3 Rcb8 22.
Nd2 bxc3 23. bxc3 Rxb1 24. Nxb1 Rb2 25. Re2 Qb6 26. Rxb2 Qxb2 27. a3 Nb3 28.
Be3 f5 29. gxf5 Nxf5 30. Nxf5 gxf5 31. Bf1 Bb5 32. Qe1 Be8 33. Bf2 Nc1 34. Be3
Nd3 35. Qd1 Bb5 36. Bxd3 cxd3 37. Qc1 Qe2 38. Qd2 Qf3 39. Qe1 Ba4 40. Bc1 Bc2
41. Be3 Bxb1 42. Qxb1 Qxe3+ 43. Kh1 d2 0-1

[Event "SVM_Verbandsliga_Süd_2023-24"]
[Site "?"]
[Date "2024.02.04"]
[Round "6.6"]
[White "Hemmann, Clemens"]
[Black "Kirch, Andreas"]
[Result "1-0"]
[WhiteElo "1828"]
[BlackElo "1472"]
[PlyCount "55"]
[EventDate "2024.02.04"]
[SourceDate "2024.02.04"]
[WhiteTeam "Rheinbacher SF 1"]
[BlackTeam "TuS Strempt 1"]

1. c4 c5 2. Nc3 d6 3. g3 Nf6 4. Bg2 Nc6 5. a3 Qc7 6. d3 e6 7. Rb1 a6 8. Bd2 Be7
9. b4 cxb4 10. axb4 d5 11. b5 axb5 12. Nxb5 Qd8 13. cxd5 Nxd5 14. Nf3 Bd7 15.
Nc3 Ncb4 16. Nxd5 Ba4 17. Nxb4 Bxd1 18. Rxd1 O-O 19. O-O Ra4 20. Rb1 h6 21. Ne5
Qd4 22. Nc4 b5 23. Nc6 Qc5 24. Be3 bxc4 25. Bxc5 Bxc5 26. Rfc1 cxd3 27. Rxc5 d2
28. Rc2 1-0

[Event "SVM_Verbandsliga_Süd_2023-24"]
[Site "?"]
[Date "2024.02.04"]
[Round "6.7"]
[White "Edechelathu, Jiyon"]
[Black "Klos, Stephan"]
[Result "0-1"]
[WhiteElo "1514"]
[BlackElo "1812"]
[PlyCount "118"]
[EventDate "2024.02.04"]
[SourceDate "2024.02.04"]
[WhiteTeam "TuS Strempt 1"]
[BlackTeam "Rheinbacher SF 1"]

1. d4 b5 2. e4 Bb7 3. Nd2 b4 4. c3 a5 5. Ngf3 e6 6. Bd3 Nf6 7. Qc2 c5 8. e5 Nd5
9. Ne4 bxc3 10. bxc3 cxd4 11. cxd4 Nb4 12. Qd2 Nxd3+ 13. Qxd3 Nc6 14. O-O Ba6
15. Qd1 Bxf1 16. Kxf1 Be7 17. Be3 O-O 18. a3 f6 19. exf6 Bxf6 20. Nxf6+ Qxf6
21. d5 exd5 22. Qxd5+ Kh8 23. Rd1 h6 24. Rc1 Rac8 25. Qxd7 Ne5 26. Qd5 Rxc1+
27. Bxc1 Qa6+ 28. Kg1 Nxf3+ 29. gxf3 Qe2 30. Kg2 Rf6 31. Qe4 Qa6 32. Bf4 Rg6+
33. Bg3 Re6 34. Qf5 Rf6 35. Qe4 Rf8 36. Be5 a4 37. Bc3 Qb5 38. Qg4 Rf7 39. h4
Qd3 40. Qe4 Qxe4 41. fxe4 Rf4 42. f3 Rxh4 43. Kg3 Rh1 44. Kg2 Rb1 45. Bd4 Kg8
46. f4 Rb3 47. Bc5 Kf7 48. Kf2 h5 49. f5 g6 50. fxg6+ Kxg6 51. Bd6 Kf6 52. e5+
Ke6 53. Kg2 Rd3 54. Kf2 Rxd6 55. exd6 Kxd6 56. Kg3 Kc5 57. Kh4 Kc4 58. Kxh5 Kb3
59. Kg4 Kxa3 0-1

[Event "SVM_Verbandsliga_Süd_2023-24"]
[Site "?"]
[Date "2024.02.04"]
[Round "6.8"]
[White "Grömping, Franz-Josef"]
[Black "Karbig, Willi"]
[Result "1/2-1/2"]
[WhiteElo "1722"]
[BlackElo "1455"]
[PlyCount "39"]
[EventDate "2024.02.04"]
[SourceDate "2024.02.04"]
[WhiteTeam "Rheinbacher SF 1"]
[BlackTeam "TuS Strempt 1"]

1. e4 e5 2. Nf3 Nc6 3. Bc4 Bc5 4. b4 Bxb4 5. c3 Bc5 6. d4 exd4 7. cxd4 Bb4+ 8.
Bd2 Nf6 9. Bxb4 Nxb4 10. Bxf7+ Kxf7 11. Qb3+ Nbd5 12. exd5 Re8+ 13. Ne5+ Kf8
14. O-O d6 15. Nf3 b6 16. Nc3 Bg4 17. Nd2 Bf5 18. f3 Re3 19. Rae1 Qe8 20. Nde4
{(=)} 1/2-1/2

[Event "SVM_Verbandsliga_Süd_2023-24"]
[Site "?"]
[Date "2024.02.04"]
[Round "6.1"]
[White "Weber, Jannis"]
[Black "Sewald, Kathrin"]
[Result "1-0"]
[WhiteElo "2017"]
[BlackElo "2027"]
[PlyCount "71"]
[EventDate "2024.02.04"]
[SourceDate "2024.02.04"]
[WhiteTeam "SV Hennef 1"]
[BlackTeam "SG Porz 5"]

1. e4 e5 2. Nf3 d6 3. d4 Qe7 4. dxe5 dxe5 5. Nc3 Nf6 6. Bc4 h6 7. Nd5 Qd6 8.
Nxf6+ Qxf6 9. Qd5 Bd6 10. Be3 O-O 11. O-O-O Nc6 12. Bb3 Nb4 13. Qb5 a6 14. Qe2
a5 15. a3 a4 16. Bc4 Nc6 17. h3 Na5 18. Bb5 c6 19. Bxa4 b5 20. Bb3 Nb7 21. g4
Qg6 22. g5 Qxe4 23. gxh6 g6 24. Rdg1 Kh8 25. Ng5 Qf5 26. f4 Be6 27. fxe5 Qxe5
28. Nxe6 fxe6 29. Qd3 Nc5 30. Bxc5 Bxc5 31. Rxg6 Rxa3 32. Kb1 Raa8 33. Rxe6 Qf4
34. Re4 Qf5 35. Qc3+ Kh7 36. Qg7# 1-0